000 00471nam a2200157Ia 4500
003 LDD
008 190117s9999 xx 000 0 und d
020 _c₹12
040 _cLDD
041 _ahi
100 _aवात्स्यायन, स.ही.
245 0 _aस्मृति के परिदृश्य
_cस.ही. वात्स्यायन
260 _aनई दिल्ली
_bसाहित्य
_c1987
300 _a43
942 _2ddc
_cH
999 _c169890
_d169890